Pochopiť a prijať Vincent Danihel, splnomocnenec vlády SR pre rómsku menšinu ...

Bibliographic Details
Main Authors: Seewaldová, Anica (ain), Danihel, Vincent, 1946- (Author, uin)
Format: Article
Language:Slovak
PhysicalDescription:Fotogr.
Subjects:

MARC

LEADER 00000nab a2200000 a 4500
001 vtls000692866
003 SK-MaSNL
005 20260302180343.0
008 180205c1999 xo 0 slo
015 |a SNBRB1999/04-10781 
035 |a CLN000045033 
040 |a SNKBUCL  |b slo  |c SNKBUCL  |e AACR2 
041 0 |a slo 
044 |a xo  |c SK 
080 |a 397(437.6)  |2 UDC-MRF-SK2 
080 |a 301.185.1(437.6)  |2 UDC-MRF-SK2 
100 1 |a Seewaldová, Anica  |4 ain  |9 841487 
245 1 0 |a Pochopiť a prijať  |b Vincent Danihel, splnomocnenec vlády SR pre rómsku menšinu ...  |c [zhovárala sa] Anica Seewaldová 
300 |b Fotogr. 
650 0 7 |a Rómovia  |z Slovensko  |2 snkbucl  |9 365038 
655 7 |a články z novín a časopisov  |2 snkbucl  |9 267496 
700 1 |a Danihel, Vincent,  |d 1946-  |4 aut  |4 uin  |9 15832 
773 0 |t Roľnícke noviny  |g Č. 71 (15.4.1999) 
773 0 |t [Príl.] Panoráma  |g S. 1-2 
850 |a Slovenská národná knižnica v Martine 
852 |a SNK  |b KIS3GCP 
958 |a RBX 
999 |c 1410264  |d 1412194